| 000 | 00376nam a22001337a 4500 | ||
|---|---|---|---|
| 082 |
_a340.03 _bWAZ |
||
| 100 | _aWazir, Hafiz Burhan Ud Din | ||
| 245 |
_aIntroduction to World Legal System / _cHafiz Burhan Ud Din Wazir |
||
| 260 |
_aLahore : _bLaw & Justice Book House, _cN.A. |
||
| 300 | _a189 p. | ||
| 563 | _aHB. | ||
| 650 |
_aLaw, world _9128049 |
||
| 942 |
_2ddc _cBK |
||
| 999 |
_c613072 _d613072 |
||